[Event "Wch Amateurs U2300"]
[Site "Rhodes"]
[Date "2024.11.02"]
[Round "7"]
[White "Ilandzis, Spyridon"]
[Black "Sariteanu, Sabina"]
[Result "1-0"]
[WhiteElo "1950"]
[BlackElo "1795"]
[PlyCount "37"]
[EventDate "2024.10.27"]
[EventType "swiss"]
[EventRounds "9"]
[EventCountry "GRE"]
[SourceTitle "CB45_2024"]
[Source "ChessBase"]
[SourceDate "2024.11.06"]
[SourceVersion "1"]
[SourceVersionDate "2024.11.06"]
[SourceQuality "1"]

1. e4 c5 2. Nf3 d6 3. d4 cxd4 4. Nxd4 Nf6 5. Nc3 a6 6. Be3 e5 7. Nb3 Be6 8. f3 Be7 9. Qd2 Nbd7 10. g4 h6 11. Nd5 Nxe4 12. fxe4 Bh4+ 13. Kd1 Bxg4+ 14. Be2 Bh3 15. Rg1 Bg5 16. Bxg5 hxg5 17. Qxg5 Qxg5 18. Rxg5 g6 19. Nc7+ 1-0

[Event "Wch Amateurs U2300"]
[Site "Rhodes"]
[Date "2024.10.31"]
[Round "5"]
[White "Tocco, Paolo"]
[Black "Sariteanu, Sabina"]
[Result "1/2-1/2"]
[WhiteElo "2010"]
[BlackElo "1795"]
[PlyCount "88"]
[EventDate "2024.10.27"]
[EventType "swiss"]
[EventRounds "9"]
[EventCountry "GRE"]
[SourceTitle "CB45_2024"]
[Source "ChessBase"]
[SourceDate "2024.11.06"]
[SourceVersion "1"]
[SourceVersionDate "2024.11.06"]
[SourceQuality "1"]

1. d4 g6 2. e4 Bg7 3. Nc3 c6 4. h4 h5 5. Nf3 d5 6. e5 Nh6 7. Bg5 Bg4 8. Be2 Na6 9. Qd2 Nc7 10. Ng1 Bxe2 11. Ngxe2 Qd7 12. 0-0-0 b5 13. f3 a5 14. Rhe1 a4 15. a3 Ne6 16. Nf4 Nf5 17. Nxe6 Qxe6 18. Kb1 Bh6 19. Ne2 Qd7 20. Nc1 Bxg5 21. Qxg5 e6 22. Rh1 Qe7 23. Qf4 b4 24. Ka2 Rb8 25. Nd3 b3+ 26. cxb3 Rxb3 27. Nc5 Ne3 28. Rd2 Nc4 29. Nxb3 axb3+ 30. Kxb3 Kd7 31. Rc2 Rb8+ 32. Kc3 Nxb2 33. Ra1 Nc4 34. Kd3 Rb3+ 35. Ke2 Ne3 36. Qxe3 Rxe3+ 37. Kxe3 Qxh4 38. a4 Qg5+ 39. Kd3 Qf5+ 40. Kc3 c5 41. Rd2 cxd4+ 42. Rxd4 Qxe5 43. Rad1 Qe2 44. R1d2 Qa6 1/2-1/2

[Event "ROM-chT (Women)"]
[Site "Mamaia"]
[Date "2024.10.02"]
[Round "3.3"]
[White "Iordache, Alexia Andreea"]
[Black "Sariteanu, Sabina"]
[Result "1-0"]
[WhiteElo "2014"]
[BlackElo "1815"]
[PlyCount "71"]
[EventDate "2024.09.30"]
[EventType "team-tourn"]
[EventRounds "7"]
[EventCountry "ROU"]
[SourceTitle "EXT 2025"]
[Source "ChessBase"]
[SourceDate "2024.10.14"]
[SourceVersion "1"]
[SourceVersionDate "2024.10.14"]
[SourceQuality "1"]
[WhiteTeam "Arnia ChessIT (W)"]
[BlackTeam "Bucuresti UVT (W)"]
[WhiteTeamCountry "ROU"]
[BlackTeamCountry "ROU"]

1. Nf3 e6 2. g3 d5 3. Bg2 b6 4. 0-0 Bb7 5. d3 c5 6. Nbd2 Nc6 7. e4 d4 8. e5 Qc7 9. Re1 Nge7 10. Nc4 Ng6 11. a4 Be7 12. Qe2 a6 13. h4 b5 14. axb5 axb5 15. Rxa8+ Bxa8 16. Na3 Qb7 17. h5 Nf8 18. Nd2 g5 19. Ne4 h6 20. c4 dxc3 21. bxc3 Qb8 22. d4 cxd4 23. Nxb5 Qxe5 24. cxd4 Qb8 25. d5 Ne5 26. d6 Bxe4 27. dxe7 Bxg2 28. exf8R+ Rxf8 29. Qxe5 Qxe5 30. Rxe5 Bf3 31. Ba3 Rg8 32. Rc5 f5 33. Rc7 Bxh5 34. Nd6+ Kd8 35. Ra7 Bf3 36. Bb4 1-0

[Event "Cluj GP Rapid"]
[Site "Cluj"]
[Date "2024.06.13"]
[Round "2"]
[White "Djokic, Mihailo"]
[Black "Sariteanu, Sabina"]
[Result "1-0"]
[WhiteElo "2158"]
[BlackElo "1815"]
[PlyCount "65"]
[EventDate "2024.06.13"]
[EventType "swiss (rapid)"]
[EventRounds "10"]
[EventCountry "ROU"]
[SourceTitle "CBM 220 Extra"]
[Source "ChessBase"]
[SourceDate "2024.07.31"]
[SourceVersion "1"]
[SourceVersionDate "2024.07.31"]
[SourceQuality "1"]

1. e4 e6 2. d4 d5 3. Nc3 Bb4 4. e5 c5 5. a3 Bxc3+ 6. bxc3 Qc7 7. h4 cxd4 8. cxd4 Nc6 9. Nf3 Nge7 10. h5 h6 11. Be2 Bd7 12. Rh4 0-0-0 13. Kf1 f6 14. Bf4 g5 15. exf6 Qb6 16. fxe7 Nxe7 17. Rb1 Qa5 18. Bd2 Qxa3 19. Bb4 Qa4 20. Bxe7 gxh4 21. Bxd8 Rxd8 22. c4 Qc6 23. Ne5 Qd6 24. cxd5 exd5 25. Nf7 Qh2 26. Bf3 Re8 27. Ne5 h3 28. g3 Bf5 29. Qc1+ Kb8 30. Rxb7+ Ka8 31. Rxa7+ Kxa7 32. Qc7+ Ka6 33. Be2+ 1-0

[Event "ROM-ch (Women)"]
[Site "Eforie Nord"]
[Date "2024.03.01"]
[Round "8"]
[White "Sariteanu, Sabina"]
[Black "Aldea, Maria Antonia"]
[Result "0-1"]
[WhiteElo "1700"]
[BlackElo "1738"]
[PlyCount "144"]
[EventDate "2024.02.24"]
[EventType "swiss"]
[EventRounds "9"]
[EventCountry "ROU"]
[SourceTitle "CBM 219 Extra"]
[Source "ChessBase"]
[SourceDate "2024.05.31"]
[SourceVersion "1"]
[SourceVersionDate "2024.05.31"]
[SourceQuality "1"]

1. e4 c5 2. Nc3 Nc6 3. g3 g6 4. Bg2 Bg7 5. d3 d6 6. f4 e5 7. Nf3 Nge7 8. 0-0 0-0 9. Be3 b6 10. h3 Be6 11. Ng5 h6 12. Nxe6 fxe6 13. Qd2 Kh7 14. fxe5 Nxe5 15. Rxf8 Qxf8 16. Rf1 Qd8 17. Ne2 Qd7 18. Nf4 Rf8 19. c3 d5 20. h4 d4 21. cxd4 cxd4 22. Bf2 Ng4 23. Qd1 h5 24. Qb3 Rf6 25. e5 Nxe5 26. Re1 Qd6 27. Qb5 Ng4 28. Nh3 Nxf2 29. Nxf2 Qxg3 30. Re2 Qxh4 31. Ne4 Rf5 32. Qd7 Be5 33. Rf2 Bh2+ 34. Kf1 Rxf2+ 35. Nxf2 Qf6 36. Ke2 Kh6 37. Ne4 Qg7 38. Qxa7 Nd5 39. Qa8 Nf4+ 40. Kf3 Nxd3 41. Qe8 e5 42. Bh3 Nc5 43. Nxc5 Qf6+ 44. Ke2 bxc5 45. Bg2 c4 46. Qa8 Bg3 47. a4 d3+ 48. Kd2 Qf2+ 49. Kc3 Qd4+ 50. Kb4 d2 51. Qh8+ Kg5 52. Bf3 d1Q 53. Bxd1 Qxd1 54. Qf8 Be1+ 55. Kc5 Qd7 56. Qf1 Bd2 57. Qg2+ Kh6 58. Kxc4 Qxa4+ 59. Kc5 Be3+ 60. Kd6 Qd4+ 61. Ke6 Qg4+ 62. Qxg4 hxg4 63. Kxe5 g3 64. Ke4 g2 65. Kxe3 g1Q+ 66. Kd3 g5 67. Kc4 g4 68. b4 g3 69. b5 g2 70. Kd5 Qd1+ 71. Kc6 g1Q 72. b6 Qg6+ 0-1

[Event "ROM-ch (Women)"]
[Site "Eforie Nord"]
[Date "2024.02.26"]
[Round "3"]
[White "Sariteanu, Sabina"]
[Black "Peptan, Corina Isabela"]
[Result "0-1"]
[WhiteElo "1700"]
[BlackElo "2314"]
[PlyCount "60"]
[EventDate "2024.02.24"]
[EventType "swiss"]
[EventRounds "9"]
[EventCountry "ROU"]
[SourceTitle "CBM 219 Extra"]
[Source "ChessBase"]
[SourceDate "2024.05.31"]
[SourceVersion "1"]
[SourceVersionDate "2024.05.31"]
[SourceQuality "1"]

1. e4 c5 2. Nf3 e6 3. d4 cxd4 4. Nxd4 Nc6 5. Nc3 Qb6 6. Nxc6 bxc6 7. Bd3 d6 8. 0-0 Nf6 9. Na4 Qc7 10. c4 Be7 11. Bg5 0-0 12. Rc1 e5 13. f3 Be6 14. Qc2 h6 15. Bd2 Nd7 16. Kh1 Rab8 17. b3 Rfd8 18. Qd1 Nc5 19. Nxc5 dxc5 20. Bb1 Bg5 21. Rc2 Qd6 22. Rf2 Rd7 23. Qe1 Qe7 24. f4 exf4 25. Bxf4 Bxf4 26. Rxf4 Rbd8 27. Rc1 Qg5 28. g3 Qh5 29. Qc3 Rd2 30. Rh4 Rd1+ 0-1

[Event "ROM-chT Blitz (Women)"]
[Site "Sebes"]
[Date "2022.12.04"]
[Round "3.4"]
[White "Sariteanu, Sabina"]
[Black "Bulmaga, Irina"]
[Result "0-1"]
[WhiteElo "1752"]
[BlackElo "2432"]
[PlyCount "128"]
[EventDate "2022.12.04"]
[EventType "team-tourn (blitz)"]
[EventRounds "6"]
[EventCountry "ROU"]
[SourceTitle "CBM 211 Extra"]
[Source "ChessBase"]
[SourceDate "2023.01.31"]
[SourceVersion "1"]
[SourceVersionDate "2023.01.31"]
[SourceQuality "1"]
[WhiteTeam "Bucharest CSU (W)"]
[BlackTeam "Bucharest CSU ASE (W)"]
[WhiteTeamCountry "ROU"]
[BlackTeamCountry "ROU"]

1. e4 e5 2. f4 exf4 3. Nf3 g5 4. h4 g4 5. Ne5 Nf6 6. Bc4 d5 7. exd5 Nxd5 8. Nc3 Be6 9. d4 Be7 10. 0-0 f3 11. gxf3 g3 12. f4 Nf6 13. d5 Bc5+ 14. Kg2 Bf5 15. d6 0-0 16. dxc7 Qxc7 17. Kxg3 Kh8 18. Nb5 Qe7 19. Nxf7+ Rxf7 20. Bxf7 Ne4+ 21. Kf3 Qxf7 22. Qd8+ Bf8 23. Nc7 Nc6 24. Qd5 Qxd5 25. Nxd5 Nd4+ 26. Kg2 Bc5 27. Be3 Rg8+ 28. Kh2 Ne6 29. Bxc5 N6xc5 30. Rg1 Rd8 31. Ne7 Rd2+ 32. Rg2 Rxg2+ 33. Kxg2 Nf6 34. Rd1 Be4+ 35. Kf2 Kg7 36. Rd8 Ne6 37. Ra8 a6 38. Rb8 Ng4+ 39. Kg3 Nf6 40. f5 Nc5 41. b4 Na4 42. c4 Nb6 43. Rd8 Nxc4 44. Kf4 Kf7 45. Nc8 Bc6 46. Nd6+ Nxd6 47. Rxd6 Ke7 48. Rd2 h6 49. Rg2 Kf7 50. Re2 Nd5+ 51. Ke5 Nxb4 52. f6 Nd3+ 53. Kf5 Bd7+ 54. Ke4 Nc5+ 55. Ke5 Nd3+ 56. Kd6 Bc6 57. Re3 Nf4 58. Re7+ Kxf6 59. Rh7 Kg6 60. Re7 Ng2 61. Rc7 Nxh4 62. Re7 Nf5+ 63. Ke6 Nxe7 64. Kxe7 h5 0-1

[Event "ROM-chT Rapid (Women)"]
[Site "Sebes"]
[Date "2022.12.03"]
[Round "3.4"]
[White "Sariteanu, Sabina"]
[Black "Peptan, Corina Isabela"]
[Result "0-1"]
[WhiteElo "1752"]
[BlackElo "2351"]
[PlyCount "111"]
[EventDate "2022.12.03"]
[EventType "team-swiss (rapid)"]
[EventRounds "6"]
[EventCountry "ROU"]
[SourceTitle "CBM 211 Extra"]
[Source "ChessBase"]
[SourceDate "2023.01.31"]
[SourceVersion "1"]
[SourceVersionDate "2023.01.31"]
[SourceQuality "1"]
[WhiteTeam "Bucharest CSU (W)"]
[BlackTeam "Bucharest CSM (W)"]
[WhiteTeamCountry "ROU"]
[BlackTeamCountry "ROU"]

1. Nf3 d5 2. c4 d4 3. g3 Nf6 4. Bg2 Nc6 5. d3 e5 6. 0-0 a5 7. e3 Be7 8. e4 0-0 9. b3 h6 10. a3 Be6 11. Nfd2 Qc8 12. f4 Ng4 13. f5 Ne3 14. Qh5 Nxf1 15. Nxf1 Bd7 16. g4 Qd8 17. Nbd2 Bg5 18. Nf3 Bxc1 19. Rxc1 f6 20. Qh3 Qe7 21. Ra1 Ra6 22. Qg3 Rb6 23. N1d2 Be8 24. h4 g6 25. Kf2 Kh7 26. Bh3 g5 27. Bf1 gxh4 28. Qxh4 Nd8 29. Be2 Qg7 30. Rg1 Nf7 31. Bd1 c5 32. a4 Rg8 33. Nf1 Ng5 34. N1d2 Qf8 35. Rh1 Qg7 36. Rh2 Nf7 37. Rg2 Rh8 38. Nf1 Kg8 39. N1d2 Ng5 40. Rh2 h5 41. Qg3 Nxf3 42. Bxf3 hxg4 43. Rxh8+ Qxh8 44. Qxg4+ Kf8 45. Bd1 Qh2+ 46. Qg2 Qf4+ 47. Kg1 Qe3+ 48. Kh1 Qe1+ 49. Kh2 Qxd1 50. Qf2 Qh5+ 51. Kg2 Rd6 52. Nf3 Rd7 53. Kf1 Rg7 54. Ke2 Qg4 55. Kd2 Bh5 56. b4 0-1

[Event "Calvia Amateur op 19th"]
[Site "Calvia"]
[Date "2022.10.11"]
[Round "4"]
[White "Sariteanu, Sabina"]
[Black "Maldonado Mena, German"]
[Result "0-1"]
[WhiteElo "1779"]
[BlackElo "2104"]
[PlyCount "76"]
[EventDate "2022.10.08"]
[EventType "swiss"]
[EventRounds "9"]
[EventCountry "ESP"]
[SourceTitle "CBM 210 Extra"]
[Source "ChessBase"]
[SourceDate "2022.11.30"]
[SourceVersion "1"]
[SourceVersionDate "2022.11.30"]
[SourceQuality "1"]

1. e4 c5 2. d4 cxd4 3. c3 g6 4. cxd4 d5 5. exd5 Nf6 6. Bb5+ Bd7 7. Bxd7+ Qxd7 8. Nf3 Bg7 9. 0-0 0-0 10. Ne5 Qxd5 11. Nc3 Qd8 12. Qf3 Qb6 13. Be3 Na6 14. Rab1 Nc7 15. Rfd1 Rfd8 16. d5 Qd6 17. Bf4 Nfxd5 18. Nxf7 Qxf4 19. Qxf4 Nxf4 20. Nxd8 Bxc3 21. bxc3 Ne2+ 22. Kf1 Nxc3 23. Nxb7 Nxb1 24. Rxb1 Rb8 25. Rb3 Kg7 26. Ke2 Ne6 27. Ke3 Kf6 28. g3 h6 29. a4 a6 30. a5 Ke5 31. Rb6 Kd5 32. f4 Nf8 33. Rb1 Nd7 34. g4 Kc6 35. g5 hxg5 36. fxg5 Rxb7 37. Rxb7 Kxb7 38. h4 Kc6 0-1